| 000 -LEADER |
| fixed length control field |
00394nam a22001457a 4500 |
| 008 - FIXED-LENGTH DATA ELEMENTS--GENERAL INFORMATION |
| fixed length control field |
200101b ||||| |||| 00| 0 eng d |
| 082 00 - DEWEY DECIMAL CLASSIFICATION NUMBER |
| Classification number |
621.37 |
| Item number |
G6192 |
| 100 ## - MAIN ENTRY--PERSONAL NAME |
| 9 (RLIN) |
205 |
| Personal name |
Golding, E. W. |
| 245 10 - TITLE STATEMENT |
| Title |
Electrical measurements and measuring instruments |
| 260 ## - PUBLICATION, DISTRIBUTION, ETC. (IMPRINT) |
| Place of publication, distribution, etc |
London |
| Name of publisher, distributor, etc |
Pitman |
| Date of publication, distribution, etc |
1949 |
| 300 ## - PHYSICAL DESCRIPTION |
| Extent |
xii,826p. |
| 365 ## - TRADE PRICE |
| Price amount |
14.01 |
| 650 #0 - SUBJECT ADDED ENTRY--TOPICAL TERM |
| Topical term or geographic name as entry element |
Measuring instruments |
| 942 ## - ADDED ENTRY ELEMENTS (KOHA) |
| Item type |
Books |